LEADER 01132nam2-2200349---450- 001 990003403380203316 005 20100524100117.0 010 $a978-88-238-4210-6 035 $a000340338 035 $aUSA01000340338 035 $a(ALEPH)000340338USA01 035 $a000340338 100 $a20100524d2008----km-y0itay50------ba 101 $aita 102 $aIT 105 $a||||||||001yy 200 1 $aManagement dell'azienda brain-intensive$eschemi interpretativi e profili evolutivi delle burocrazie professionali$fFederico Lega 210 $aMilano$cEgea$d2008 215 $aXV, 183 p.$d24 cm 225 2 $aBiblioteca dell'economia d'azienda 410 0$1001000340210$12001$aBiblioteca dell'economia d'azienda 606 0 $aAziende di servizi$xGestione$2BNCF 676 $a658.04 700 1$aLEGA,$bFederico$0437648 801 0$aIT$bsalbc$gISBD 912 $a990003403380203316 951 $aXXX.B. Coll. 21/ 67$b17667 E.C.$cXXX.B. Coll. 21/$d00258795 959 $aBK 969 $aECO 979 $aIANNONE$b90$c20100524$lUSA01$h1001 996 $aManagement dell'azienda brain-intensive$9225617 997 $aUNISA